000 00638nam a22002177a 4500
003 UA-OsUOA
001 117991
007 ta
008 20160704b un ||||| |||| 00| 0 ukr d
100 _aГарачковська О.
090 _a82
_bГ20
942 _cSA
040 _aUA-OsUOA
_bukr
_cUA-OsUOA
_dUA-OsUOA
245 _aУкраїнський літературний процес доби сталінізму у фокусі епістолографії
300 _aС.62
955 _a0
041 _aukr
080 _a82
773 0 _w117987
650 7 _a82 Література. Літературознавство
_2UDC
999 _c404034
_d404034